000 00551nam a2200169 a 4500
008 090302s2003 ||||||||||||||||| || u
020 _a0340869593
050 _aKD 130 Tur
100 _aTurner, Chris
245 1 0 _aContract law
260 _aLondon
_bHodder and Stoughton
_c2003
300 _axvi,202p.
350 _a0.00
650 _aLAW
650 _aCONTRACTS
995 _D0.00
_FCBU-MAIN LIBRARY (Kitwe)
_H1
_I0.00
_M1
_UAVAILABLE
_VMar 7, 2013
_WApr 3, 2009
_ZAnnex Low-Usage Collection
999 _c38678
_d38678